[Event "48th XtraCon TCh-DEN 2009-10"]
[Site "Denmark DEN"]
[Date "2009.12.06"]
[Round "3"]
[White "Antonsen,M"]
[Black "Schandorff,L"]
[Result "1/2-1/2"]
[WhiteElo "2439"]
[BlackElo "2501"]

1.d4 Nf6 2.c4 g6 3.Nc3 d5 4.cxd5 Nxd5 5.e4 Nxc3 6.bxc3 Bg7 7.Bc4 c5 8.Ne2 Nc6
9.Be3 O-O 10.O-O Na5 11.Bd3 b6 12.Rc1 e5 13.dxc5 Be6 14.c4 bxc5 15.Bxc5 Bh6
16.Rc3 Re8 17.Be3 Bxe3 18.fxe3 Qc7 19.c5 Rab8 20.Qc2 Red8 21.Nc1 Rb4 22.a3 Rbb8
23.Na2 Nc6 24.Bc4 Qe7 25.Nb4 Nxb4 26.axb4 Rxb4 27.c6 Bxc4 28.Rxc4 Rxc4 29.Qxc4 Rc8
30.Rc1 Rc7 31.Qd5 Kg7 32.h3 h5 33.Kh1 Qe6 34.Rc5 Qf6 35.Rc1 Qe6 36.Kh2 Qf6
37.Rc2 Qe6 38.Qb5 Qd6 39.Qd5 Qe6 40.Rc3 Qf6 41.Kg1 Kh7 42.Qc5 Kg7 43.Rc2 Kg8
44.Qd5 Kg7 45.Qc5  1/2-1/2

[Event "Frauenbundesliga 2009-10"]
[Site "Germany GER"]
[Date "2009.12.06"]
[Round "4"]
[White "Bielicki,B"]
[Black "Bochis,J"]
[Result "1-0"]
[WhiteElo "2192"]
[BlackElo "2077"]

1.d4 Nf6 2.c4 g6 3.Nc3 d5 4.cxd5 Nxd5 5.e4 Nxc3 6.bxc3 Bg7 7.Be3 c5 8.Nf3 O-O
9.Be2 Nc6 10.O-O cxd4 11.cxd4 Bg4 12.Rb1 Bxf3 13.Bxf3 Nxd4 14.Rxb7 Nxf3+
15.gxf3 Qa5 16.Qb3 Qh5 17.Kg2 Kh8 18.Rxe7 f5 19.Rxg7 Kxg7 20.Qb7+ Kf6 21.Rc1 Rae8
22.Rc6+ Re6 23.e5+ Kxe5 24.f4+  1-0

[Event "LXXV ch-BRA"]
[Site "Americana BRA"]
[Date "2009.12.07"]
[Round "7"]
[White "Molina,Rob"]
[Black "Mekhitarian,K"]
[Result "0-1"]
[WhiteElo "2340"]
[BlackElo "2467"]

1.d4 Nf6 2.c4 g6 3.Nc3 d5 4.cxd5 Nxd5 5.e4 Nxc3 6.bxc3 Bg7 7.Bg5 c5 8.Rc1 O-O
9.Nf3 Bg4 10.d5 f5 11.Qb3 Kh8 12.h3 Bxf3 13.gxf3 Nd7 14.Be3 f4 15.Bd2 Ne5
16.c4 Rf6 17.Be2 Qd7 18.Qb5 Qc7 19.Ba5 Qc8 20.Qb3 h6 21.Rb1 Rb8 22.Qc2 Kh7
23.Rb3 Qd7 24.Bc3 Qc7 25.O-O Rff8 26.Rfb1 b6 27.a4 Nd7 28.Bxg7 Kxg7 29.Qc3+ Kh7
30.a5 bxa5 31.Rxb8 Rxb8 32.Rxb8 Qxb8 33.Qxa5 Qb6 34.Qa4 Qc7 35.Kf1 Kg7 36.Ke1 Kf7
37.Kd2 Ne5 38.Kc2 Qb6 39.Qa1 Kf6 40.h4 a5 41.Qc1 g5 42.hxg5+ hxg5 43.Qh1 Kg7
44.Qa1 Kf6 45.Qh1 Kg7 46.Qa1 Qc7 47.Qg1 Kg6 48.Qa1 Nf7 49.Bd3 Ne5 50.Be2 Kg7
51.Qg1 Nf7 52.Qa1+ Qe5 53.Qxa5 Qd4 54.Qe1 Ne5 55.Kb3 Kg6 56.Kc2 Nxc4 57.Bxc4 Qxc4+
58.Kb2 Qd3 59.Qc3 Qe2+ 60.Kb3 Qxf2 61.Kc4 Kf7 62.e5 Qe3 63.Qxe3 fxe3 64.Kd3 Kg6
65.Kxe3 Kf5 66.d6 exd6 67.exd6 Ke6 68.Ke4 Kxd6 69.Kf5 c4  0-1

[Event "ch-VIE Men Masters"]
[Site "Ho Chi Minh City VIE"]
[Date "2009.12.11"]
[Round "2"]
[White "Nguyen Huynh Minh Huy"]
[Black "Nguyen Van Hai"]
[Result "1-0"]
[WhiteElo "2500"]
[BlackElo "2249"]

1.d4 Nf6 2.c4 g6 3.Nc3 d5 4.cxd5 Nxd5 5.e4 Nxc3 6.bxc3 Bg7 7.Be3 c5 8.Qd2 Qa5
9.Rc1 O-O 10.d5 f5 11.Bd3 Nd7 12.exf5 gxf5 13.Nf3 Nf6 14.O-O Bd7 15.Rfe1 Kh8
16.Bh6 Bxh6 17.Qxh6 Ng8 18.Qh4 Rad8 19.Ng5 h6 20.Rxe7  1-0

[Event "Tch-SLO League"]
[Site "Rogaska Slatina SLO"]
[Date "2009.12.11"]
[Round "1"]
[White "Jankovic,A"]
[Black "Ruck,R1"]
[Result "1/2-1/2"]
[WhiteElo "2546"]
[BlackElo "2556"]

1.d4 Nf6 2.c4 g6 3.Nc3 d5 4.cxd5 Nxd5 5.e4 Nxc3 6.bxc3 Bg7 7.Nf3 c5 8.Rb1 O-O
9.Be2 b6 10.O-O Bb7 11.Qd3 e6 12.Bg5 Qc7 13.Qe3 Nd7 14.e5 Rae8 15.Bb5 Bc6
16.Bxc6 Qxc6 17.Bh6 Rc8 18.h4 cxd4 19.cxd4 Qc3 20.Qf4 Qc2 21.Rbc1 Qf5 22.Rxc8 Rxc8
23.Rc1 Rxc1+ 24.Qxc1 Bxh6 25.Qxh6 Qb1+ 26.Kh2 Qxa2 27.Qg5 Nf8 28.h5 h6 29.Qxh6 Qxf2
30.Qc1 Qe2 31.h6 Qe4 32.Qg5 Qf5 33.Qe7 Qf4+ 34.Kg1 Qxh6 35.Ng5 Qg7 36.Ne4 Nh7
37.Nd6 a5 38.Qd8+ Qf8 39.Qxb6 Qh6 40.Qxa5 Qe3+ 41.Kf1 Qf4+ 42.Ke2 Qg4+ 43.Kd3 Qxg2
44.Qd8+ Nf8 45.Qf6 Qh3+ 46.Kc4 Qh7 47.Qe7 Qg7 48.Ne8 Qh6 49.Nf6+ Kg7 50.Ne8+ Kg8
51.Nf6+  1/2-1/2

[Event "ch-VIE Men Masters"]
[Site "Ho Chi Minh City VIE"]
[Date "2009.12.12"]
[Round "4"]
[White "Huynh Lam Binh Nguyen"]
[Black "Nguyen Van Hai"]
[Result "1/2-1/2"]
[WhiteElo "2066"]
[BlackElo "2249"]

1.d4 Nf6 2.c4 g6 3.Nc3 d5 4.cxd5 Nxd5 5.e4 Nxc3 6.bxc3 Bg7 7.Be3 c5 8.Qd2 Qa5
9.Nf3 O-O 10.Rc1 cxd4 11.cxd4 Qxd2+ 12.Kxd2 Nc6 13.Bb5 Rd8 14.Bxc6 bxc6 15.Rc5 Rb8
16.Rhc1 Bd7 17.Ne5 Be8 18.Kd3 Bxe5 19.Rxe5 Rb7 20.Ra5 f6 21.Rc4 Kf7 22.Kc3 Ke6
23.Rca4 Ra8 24.d5+ cxd5 25.exd5+ Kd6 26.Bf4+ e5 27.dxe6 Kxe6 28.Rd4 Kf7 29.Rc5 Rd8
30.Rdc4 g5 31.Rc7+ Rxc7 32.Rxc7+ Kg6 33.Be3 a6 34.Bd4 Bb5 35.Rb7 Rc8+ 36.Kd2 Rc4
37.Ke3 Ra4 38.Rb6 Ra3+ 39.Ke4 Bd3+ 40.Kd5 Ra5+ 41.Ke6 Rxa2 42.Ke7 Kf5 43.Rxf6+ Ke4
44.Be3 Ra5 45.Rh6 Bf1 46.Rxh7 Bxg2 47.Rh5 Bf3 48.Rxg5 Rxg5 49.Bxg5 Kf5 50.h4 a5  1/2-1/2

[Event "16th Open B"]
[Site "Zadar CRO"]
[Date "2009.12.13"]
[Round "1"]
[White "Music,T"]
[Black "Mihalj,M"]
[Result "1/2-1/2"]
[WhiteElo "2021"]
[BlackElo "2278"]

1.d4 Nf6 2.c4 g6 3.Nc3 d5 4.cxd5 Nxd5 5.e4 Nxc3 6.bxc3 Bg7 7.Bc4 c5 8.Be3 Qa5
9.Qd2 Nc6 10.Ne2 O-O 11.Rd1 cxd4 12.cxd4 Bd7 13.O-O Rfc8 14.Qxa5 Nxa5 15.Bd3 Nc4
16.Rb1 b6 17.Rfc1 Nxe3 18.fxe3 Rxc1+ 19.Rxc1 Rc8 20.Rxc8+ Bxc8 21.Kf2 Kf8
22.Nc3 Bb7 23.Ke2 Bc6 24.a4 Ke8 25.Nb5 a6 26.Nc3 Bb7 27.Nd5 e5 28.dxe5 Bxe5
29.h3 f5 30.Kf3 fxe4+ 31.Bxe4 b5 32.axb5 axb5 33.Nc7+ Bxc7 34.Bxb7  1/2-1/2

[Event "ch-CXG IRT JC Ferreira"]
[Site "Rio de Janeiro BRA"]
[Date "2009.12.19"]
[Round "6"]
[White "Siqueira,All"]
[Black "Bil,A"]
[Result "1-0"]
[WhiteElo "1948"]
[BlackElo "2124"]

1.d4 Nf6 2.c4 g6 3.Nc3 d5 4.cxd5 Nxd5 5.e4 Nxc3 6.bxc3 Bg7 7.Nf3 c5 8.Bb5+ Bd7
9.Bxd7+ Qxd7 10.O-O Nc6 11.Be3 O-O 12.Qd2 Rfd8 13.d5 Qg4 14.Qc2 Na5 15.Bxc5 Rdc8
16.Bd4 Bxd4 17.Nxd4 Rc4 18.f3 Qc8 19.Rac1 Qc5 20.Rfd1 Rc8 21.Rd3 e5 22.dxe6 Nc6
23.exf7+ Kf8 24.Qd2 Nxd4 25.Qh6+ Kxf7 26.Qxh7+ Kf6 27.Kf1 Rc7 28.Qh8+ Kf7
29.Rcd1 Qb5 30.cxd4 Rc3 31.Qh7+ Kf6 32.e5+ Kg5 33.h4+ Kf5 34.g4+ Kf4 35.Qxg6 Kg3
36.f4+ Rxd3 37.Qxd3+ Qxd3+ 38.Rxd3+ Kxg4 39.d5 Kxf4 40.d6 Rc8 41.e6 Ke5 42.d7  1-0

[Event "9th Amplico Life Rapid"]
[Site "Warsaw POL"]
[Date "2009.12.19"]
[Round "5"]
[White "Hracek,Z"]
[Black "Llaneza Vega,M"]
[Result "1/2-1/2"]
[WhiteElo "2624"]
[BlackElo "2514"]

1.d4 Nf6 2.c4 g6 3.Nc3 d5 4.cxd5 Nxd5 5.e4 Nxc3 6.bxc3 Bg7 7.Be3 c5 8.Rc1 O-O
9.Nf3 Bg4 10.Be2 cxd4 11.cxd4 Nc6 12.d5 Bxf3 13.gxf3 Ne5 14.f4 Nd7 15.Qb3 Rc8
16.O-O b6 17.Rxc8 Qxc8 18.Bg4 Nc5 19.Bxc8 Nxb3 20.Bh3 Nc5 21.e5 Rd8 22.Rd1 f6
23.Bxc5 bxc5 24.Be6+ Kf8 25.Rc1  1/2-1/2

[Event "4th Int"]
[Site "Edmonton CAN"]
[Date "2009.12.21"]
[Round "8"]
[White "Porper,E"]
[Black "Antal,Ge"]
[Result "0-1"]
[WhiteElo "2445"]
[BlackElo "2495"]

1.d4 Nf6 2.c4 g6 3.Nc3 d5 4.cxd5 Nxd5 5.e4 Nxc3 6.bxc3 Bg7 7.Bc4 c5 8.Ne2 O-O
9.O-O Nc6 10.Be3 Na5 11.Bd3 b6 12.Rb1 cxd4 13.cxd4 Bb7 14.h4 Rc8 15.h5 Nc4
16.Bxc4 Rxc4 17.h6 Bh8 18.Qd3 Ra4 19.Qb3 Qd7 20.Nc3 Ra5 21.d5 Ba6 22.Rfd1 Rc8
23.Rbc1 Bc4 24.Qb4 Be5 25.a4 Bd6 26.Qb2 f6 27.f4 Qg4 28.e5 fxe5 29.Ne4 Rxa4
30.Nxd6 exd6 31.Qf2 Rf8 32.Rd2 g5  0-1

[Event "Tata Steel TCh-Asia"]
[Site "Kolkata IND"]
[Date "2009.12.25"]
[Round "4"]
[White "Dao Thien Hai"]
[Black "Ganguly,S"]
[Result "0-1"]
[WhiteElo "2524"]
[BlackElo "2654"]

1.d4 Nf6 2.c4 g6 3.Nc3 d5 4.cxd5 Nxd5 5.e4 Nxc3 6.bxc3 Bg7 7.Nf3 c5 8.Be3 Qa5
9.Qd2 Nc6 10.Rb1 a6 11.Rc1 f5 12.e5 f4 13.Bxf4 Bg4 14.Be2 Rd8 15.h3 Bxf3
16.Bxf3 Nxe5 17.Bxe5 Bxe5 18.O-O cxd4 19.Bxb7 dxc3 20.Qe2 Rd2 21.Qxa6 Qxa6
22.Bxa6 c2 23.Bc4 Kd7 24.Bb3 Rc8 25.Rfe1 Bb2 26.Kf1 Rc3 27.Ba4+ Kd6 28.g3 Rf3  0-1

[Event "26th Open"]
[Site "Boeblingen GER"]
[Date "2009.12.26"]
[Round "1"]
[White "Brittner,S"]
[Black "Probst,Ale"]
[Result "1-0"]
[WhiteElo "2278"]
[BlackElo "2026"]

1.d4 Nf6 2.c4 g6 3.Nc3 d5 4.cxd5 Nxd5 5.e4 Nxc3 6.bxc3 Bg7 7.Be3 c5 8.Qd2 O-O
9.d5 Qa5 10.Rc1 e6 11.c4 Qa3 12.Nf3 Na6 13.Be2 exd5 14.cxd5 b6 15.d6 Qb4
16.d7 Bb7 17.O-O Rad8 18.Rfd1 Qxe4 19.Bg5 f6 20.Bf4 Qe7 21.Bc4+ Rf7 22.Re1 Qxd7
23.Qxd7 Rxd7 24.Re8+ Bf8 25.Bh6 Bd5 26.Bxa6 Bxa2 27.Rce1 Bb3 28.h3 c4 29.Bc8  1-0

[Event "Christamas Open Masters"]
[Site "Zurich SUI"]
[Date "2009.12.26"]
[Round "1"]
[White "Hasenohr,B"]
[Black "Baramidze,D"]
[Result "0-1"]
[WhiteElo "2137"]
[BlackElo "2519"]

1.d4 Nf6 2.c4 g6 3.Nc3 d5 4.cxd5 Nxd5 5.e4 Nxc3 6.bxc3 Bg7 7.Be3 c5 8.Qd2 O-O
9.Rc1 cxd4 10.cxd4 Nc6 11.Nf3 Bg4 12.d5 Bxf3 13.gxf3 Ne5 14.Bg2 e6 15.f4 Ng4
16.Bc5 Re8 17.d6 e5 18.h3 Nf6 19.O-O Bh6 20.Be3 exf4 21.Bxf4 Bxf4 22.Qxf4 Nh5
23.Qd2 g5 24.d7 Rf8 25.Rc5 Nf4 26.Rfc1 Ne6 27.Rb5 b6 28.e5 Rb8 29.Rb3 Qe7
30.Rg3 Rbd8 31.Rd1 Kh8 32.Qd6 Qxd6 33.Rxd6 h6 34.Kh2 Kg7 35.h4 Rh8 36.Bh3 Nf4
37.Bf5 Kf8 38.Rc3 Ke7 39.Rc7 gxh4 40.Rxa7 Rhg8 41.Be4 Rg5 42.Rf6 Ne6 43.Rxh6 Rxe5
44.Bc6 Rc5 45.Ba4 b5 46.Bb3 Nd4 47.Kg2 Rg8+ 48.Kh2 Rd8 49.Rb7 Rxd7 50.Rxd7+ Kxd7
51.Bxf7 Rf5 52.Bb3 Nxb3 53.axb3 Rxf2+ 54.Kh3 Rb2 55.Rxh4 Rxb3+ 56.Kg2 Re3
57.Kf2 Re6 58.Rh8 Kc6 59.Rh5 Kb6  0-1

[Event "Schachtuerken-Cup A"]
[Site "Paderborn GER"]
[Date "2009.12.27"]
[Round "2"]
[White "Richter,Gera"]
[Black "Teske,H"]
[Result "0-1"]
[WhiteElo "2134"]
[BlackElo "2552"]

1.d4 Nf6 2.c4 g6 3.Nc3 d5 4.cxd5 Nxd5 5.e4 Nxc3 6.bxc3 Bg7 7.Bc4 O-O 8.Ne2 c5
9.O-O Nc6 10.Be3 Qc7 11.Rc1 Rd8 12.Qc2 Na5 13.Bd5 c4 14.Bf4 Qd7 15.Bxf7+ Kxf7
16.h4 b5 17.h5 Bb7 18.h6 Bh8 19.e5 Qf5 20.f3 Qxc2 21.Rxc2 Nc6 22.a3 a5 23.Rb1 Ba6
24.Be3 Rab8 25.f4 Bc8 26.Ng3 Bf5 27.Nxf5 gxf5 28.Rcb2 Rd5 29.Kf2 Kg6 30.Rh1 e6
31.g3 Ne7 32.Kf3 Ng8 33.Rbh2 b4 34.axb4 axb4 35.cxb4 Rxb4 36.Rh5 Rb3 37.Rg5+ Kf7
38.Kf2 Ra5 39.g4 Ra2+ 40.Kf3 fxg4+ 41.Rxg4 Raa3 42.Ke4 Rxe3+  0-1

[Event "26th Open"]
[Site "Boeblingen GER"]
[Date "2009.12.28"]
[Round "5"]
[White "Peschel,A"]
[Black "Gheng,J"]
[Result "1/2-1/2"]
[WhiteElo "2225"]
[BlackElo "2338"]

1.d4 Nf6 2.c4 g6 3.Nc3 d5 4.cxd5 Nxd5 5.e4 Nxc3 6.bxc3 Bg7 7.Bc4 O-O 8.Ne2 c5
9.Be3 Nc6 10.Rc1 Na5 11.Bd3 Qc7 12.d5 e6 13.c4 b6 14.O-O Bd7 15.f4 Rfe8 16.Bf2 e5
17.Bg3 Bg4 18.f5 gxf5 19.exf5 f6 20.Qd2 Bxe2 21.Qxe2 Nb7 22.Be4 Nd6 23.Bh4 Qe7
24.Rc3 Bh6 25.Kh1 Kh8 26.Rh3 Rg8 27.Be1 Bg5 28.Bf3 a6 29.Bh5 b5 30.cxb5 axb5
31.Bg6 Rg7 32.Rh5 Rf8 33.h4 Bf4 34.g3 Bc1 35.Bf2 Ba3 36.Be3 Kg8 37.Rh6 Nf7
38.Rxh7 Rxh7 39.Bxh7+ Kxh7 40.Qh5+ Kg8 41.Qg6+ Kh8 42.Qh5+ Kg8 43.Qg6+ Kh8
44.Qh5+ Kg8  1/2-1/2

[Event "11th Christmas Open"]
[Site "Litomysl CZE"]
[Date "2009.12.28"]
[Round "3"]
[White "Bernasek,J"]
[Black "Schuetze,N"]
[Result "1-0"]
[WhiteElo "2476"]
[BlackElo "2269"]

1.d4 Nf6 2.c4 g6 3.Nc3 d5 4.cxd5 Nxd5 5.e4 Nxc3 6.bxc3 Bg7 7.Bb5+ Bd7 8.Be2 c5
9.Nf3 cxd4 10.cxd4 Nc6 11.Rb1 O-O 12.O-O Na5 13.Bg5 Rc8 14.h3 Re8 15.Re1 a6
16.Qd2 b5 17.Rec1 Nb7 18.d5 Nd6 19.Bd3 Qb6 20.e5 Nf5 21.Bc2 h6 22.Bf4 Rc4
23.Bb3 Rxc1+ 24.Rxc1 g5 25.Bh2 e6 26.d6 Bc6 27.g4 Ng3 28.Bxg3 Bxf3 29.Rc7 Rd8
30.h4 Bb7 31.Qc1 gxh4 32.Bxh4 Qd4 33.Qd1 Qxe5 34.Bxd8 Qe4 35.Rxb7 Qxb7 36.d7  1-0

[Event "26th Open"]
[Site "Travemuender GER"]
[Date "2009.12.28"]
[Round "3"]
[White "Stocek,J"]
[Black "Rossen,C"]
[Result "1-0"]
[WhiteElo "2592"]
[BlackElo "2223"]

1.d4 Nf6 2.c4 g6 3.Nc3 d5 4.cxd5 Nxd5 5.e4 Nxc3 6.bxc3 Bg7 7.Bb5+ Bd7 8.Be2 c5
9.Nf3 Nc6 10.O-O O-O 11.Rb1 Bg4 12.d5 Na5 13.Qc2 e6 14.dxe6 Bxe6 15.Ng5 Qe7
16.Nxe6 Qxe6 17.f4 Rfe8 18.e5 f6 19.Bd3 c4 20.Be4 Rad8 21.Be3 b6 22.Rbd1 Bh6
23.Qf2 Bf8 24.Qf3 Kg7 25.Bd5 Rxd5 26.Rxd5 f5 27.Rfd1 Kg8 28.Rd8  1-0

[Event "26th Open"]
[Site "Travemuender GER"]
[Date "2009.12.30"]
[Round "7"]
[White "Stocek,J"]
[Black "Evdokimov,Alexa"]
[Result "0-1"]
[WhiteElo "2592"]
[BlackElo "2561"]

1.d4 Nf6 2.c4 g6 3.Nc3 d5 4.cxd5 Nxd5 5.e4 Nxc3 6.bxc3 Bg7 7.Bb5+ c6 8.Ba4 O-O
9.Ne2 b5 10.Bb3 a5 11.O-O Nd7 12.Bg5 c5 13.Qd2 Bb7 14.Rad1 cxd4 15.cxd4 Rc8
16.Nc3 a4 17.Bd5 Ba6 18.e5 Nb6 19.Bf3 Nc4 20.Qe2 Re8 21.e6 f6 22.Bf4 Qa5
23.Ne4 b4 24.Nc5 Bb5 25.Be4 f5 26.Bd3 Bxd4 27.Nd7 Na3 28.h4 Rc3 29.Bxb5 Qxb5
30.Qd2 Bg7 31.h5 Nc4 32.Qe2 Nd6 33.Qe1 Nc4 34.f3 Qc6 35.Qe2 b3 36.axb3 axb3
37.Rb1 Na3 38.Rbc1 Nc2 39.hxg6 hxg6 40.Be5 Qxe6 41.Qb5 Bxe5 42.Nxe5 Rec8  0-1

[Event "World Chess Open"]
[Site "Leon ESP"]
[Date "2010.01.02"]
[Round "4"]
[White "Del Rio de Angelis,S"]
[Black "Krasenkow,M"]
[Result "0-1"]
[WhiteElo "2524"]
[BlackElo "2656"]

1.d4 Nf6 2.c4 g6 3.Nc3 d5 4.cxd5 Nxd5 5.e4 Nxc3 6.bxc3 Bg7 7.Nf3 c5 8.Rb1 O-O
9.Be2 b6 10.O-O Qc7 11.Bg5 Nc6 12.d5 Ne5 13.Nd2 f5 14.exf5 Bxf5 15.Rb3 c4
16.Rb4 a5 17.Rb5 Bd7 18.Rb1 Bf5 19.Rb5 Nd3 20.Be3 Rab8 21.Bxb6 Rxb6 22.Rxb6 Nxf2
23.Rc6 Qxc6 24.dxc6 Nxd1 25.Bxc4+ Kh8 26.Rxd1 Bxc3 27.Nf3 Rc8 28.Bb5 Be4
29.Rc1 Bb2 30.Rc4 Bd3 31.Rc5 Ba3 32.Rc3 Bxb5 33.Rxa3 Rxc6 34.Rxa5 Rc1+ 35.Kf2 Rc2+
36.Kg3 Bf1 37.Nh4 Kg7 38.Re5 Kf6 39.Re3 Bc4 40.a3 Bd5 41.Nf3 g5 42.h4 gxh4+
43.Nxh4 e5 44.Nf3 e4 45.Ne1 Ra2 46.Kf4 Rf2+ 47.Kg3 Rf1 48.a4 h5 49.a5 Kg5
50.Nf3+ exf3 51.Re5+ Kf6 52.Rxd5 h4+ 53.Kh2 f2  0-1

[Event "85th Masters"]
[Site "Hastings ENG"]
[Date "2010.01.03"]
[Round "7"]
[White "Sugden,J"]
[Black "Knott,S"]
[Result "1/2-1/2"]
[WhiteElo "2219"]
[BlackElo "2348"]

1.d4 Nf6 2.c4 g6 3.Nc3 d5 4.cxd5 Nxd5 5.e4 Nxc3 6.bxc3 Bg7 7.Bc4 c5 8.Ne2 O-O
9.O-O Nc6 10.Be3 Bd7 11.Qd2 Rc8 12.Rac1 Qa5 13.Qb2 cxd4 14.cxd4 Qb4 15.Qxb4 Nxb4
16.a3 Nc6 17.f3 Na5 18.Bd3 b5 19.Rxc8 Rxc8 20.Rc1 Nc4 21.Bxc4 Rxc4 22.Rxc4 bxc4
23.Kf2 e5 24.dxe5 Bxe5 25.Bxa7 Bd6 26.Nc3 Bxa3 27.Bd4 Be6 28.Ke3 f5 29.Nd5 Bc1+
30.Ke2 fxe4 31.fxe4 Kf7 32.Kd1 Ba3 33.Kc2 Bxd5 34.exd5 Bb4 35.Bc3 Bd6 36.h3 Ke7
37.Bd4 Bb4 38.Bc3 Ba3 39.Be5 Bd6 40.Bd4 Bb4 41.Bc3 Ba3  1/2-1/2

[Event "22nd Open"]
[Site "Staufer GER"]
[Date "2010.01.03"]
[Round "4"]
[White "Schnabel,A"]
[Black "Budzyn,M"]
[Result "1/2-1/2"]
[WhiteElo "2148"]
[BlackElo "2208"]

1.d4 Nf6 2.c4 g6 3.Nc3 d5 4.cxd5 Nxd5 5.e4 Nxc3 6.bxc3 Bg7 7.Bc4 c5 8.Be3 O-O
9.Ne2 Nc6 10.O-O Bd7 11.Qd2 Qa5 12.Rab1 cxd4 13.cxd4 Qxd2 14.Bxd2 b6 15.d5 Ne5
16.Ba6 Bc8 17.Bb5 a6 18.Ba4 b5 19.Bb3 Bd7 20.Rbc1 Rfc8 21.Rxc8+ Rxc8 22.Bb4 Bf8
23.Rc1 Nd3 24.Rxc8 Bxc8 25.Bd2 Nc5 26.e5 Nxb3 27.axb3 Bb7 28.Nf4 g5 29.Nd3 Bxd5
30.b4 e6 31.Be3 Be4 32.Nc5 Bxc5 33.Bxc5 g4 34.h4 Kg7 35.Kh2 Kg6 36.Kg3 f5
37.f3 gxf3 38.gxf3 Bc6 39.Bb6 Bd5  1/2-1/2

[Event "ch-NZL"]
[Site "Auckland NZL"]
[Date "2010.01.05"]
[Round "4"]
[White "Krstev,M"]
[Black "Fuatai,F"]
[Result "1/2-1/2"]
[WhiteElo "2103"]
[BlackElo "2022"]

1.d4 Nf6 2.c4 g6 3.Nc3 d5 4.cxd5 Nxd5 5.e4 Nxc3 6.bxc3 Bg7 7.Bc4 c5 8.Ne2 Nc6
9.Be3 O-O 10.O-O Bg4 11.f3 Na5 12.Bd3 cxd4 13.cxd4 Be6 14.Qa4 b6 15.Rac1 Bd7
16.Qa3 b5 17.Bf4 Nc6 18.d5 Ne5 19.Rfd1 a5 20.Bxe5 Bxe5 21.f4 b4 22.Qb3 Qb6+
23.Kh1 a4 24.Qb1 Bd6 25.Bc4 Bc5 26.Qd3 Be3 27.Rb1 Bg4 28.Rf1 Bxe2 29.Qxe2 Rfc8
30.f5 Rc7 31.fxg6 hxg6 32.e5 Rf8 33.d6 exd6 34.Rf6 Kg7 35.Rxd6 Qc5 36.Rdd1 Qxe5
37.Rxb4 Rh8  1/2-1/2

[Event "22nd Open"]
[Site "Staufer GER"]
[Date "2010.01.05"]
[Round "9"]
[White "Braun,P"]
[Black "Kugler,F"]
[Result "1/2-1/2"]
[WhiteElo "2239"]
[BlackElo "2073"]

1.d4 Nf6 2.c4 g6 3.Nc3 d5 4.cxd5 Nxd5 5.e4 Nxc3 6.bxc3 Bg7 7.Be3 O-O 8.Qd2 c5
9.Nf3 Bg4 10.Ng5 cxd4 11.cxd4 Nc6  1/2-1/2

[Event "22nd Open"]
[Site "Staufer GER"]
[Date "2010.01.05"]
[Round "9"]
[White "Graf,A"]
[Black "Epishin,V"]
[Result "1/2-1/2"]
[WhiteElo "2593"]
[BlackElo "2607"]

1.d4 Nf6 2.c4 g6 3.Nc3 d5 4.cxd5 Nxd5 5.e4 Nxc3 6.bxc3 Bg7 7.Be3 c5 8.Rc1 O-O
9.Qd2 Nd7 10.Bc4 Rb8 11.Nf3 b5 12.Bd3 e5 13.O-O exd4 14.cxd4 c4 15.Bb1 Nb6
16.Rfe1 Bg4 17.Ng5 b4 18.Qxb4 Nd5 19.Qc5 Nxe3 20.fxe3 Rc8 21.Qd5 Qxd5 22.exd5 Rfd8
23.Be4 h6 24.h3 Bf5 25.Bxf5 gxf5 26.Nf3 Rxd5 27.g3 Bf8 28.Rc2 Ra5 29.Kf2 Bd6
30.Rb1 Kg7 31.Nd2 c3 32.Nf3 Rc4 33.Rb3 Rxa2 34.Rxa2 c2 35.Ra1 c1=Q 36.Rxc1 Rxc1
37.Nh4 Kf6 38.Rb5 Ke6 39.Ra5 f4 40.gxf4 Bb4 41.Ra6+ Kd5 42.Nf5 Ke4 43.Ng3+ Kd3
44.Kf3 Re1 45.Rxa7 Rxe3+ 46.Kg4 h5+ 47.Nxh5 f5+ 48.Kxf5 Rxh3 49.Kg4 Rh1 50.d5 Kc4
51.Nf6 Rf1 52.Ra4 Kb5 53.Ra2 Bd6 54.f5 Rg1+ 55.Kh5 Bf4 56.Ne4 Re1 57.Nc3+ Kc5
58.Ra6 Rh1+ 59.Kg4 Be5 60.Rc6+ Kd4 61.f6 Bxf6 62.Rxf6 Kxc3 63.d6 Kc4 64.Kf5 Kd5
65.d7 Rh8  1/2-1/2

[Event "ch-NZL"]
[Site "Auckland NZL"]
[Date "2010.01.07"]
[Round "6"]
[White "Lim,B"]
[Black "Fuatai,F"]
[Result "0-1"]
[WhiteElo "2075"]
[BlackElo "2022"]

1.d4 Nf6 2.c4 g6 3.Nc3 d5 4.cxd5 Nxd5 5.e4 Nxc3 6.bxc3 Bg7 7.Be3 c5 8.Nf3 O-O
9.Rc1 Qa5 10.Qd2 Bg4 11.d5 Bxf3 12.gxf3 f5 13.c4 Qa3 14.Be2 Nd7 15.O-O Rf7
16.Rb1 b6 17.f4 fxe4 18.Bg4 Nf8 19.Qc2 Qd3 20.Qa4 Qc3 21.Qc6 Rd8 22.Qc7 Rd6
23.Qc8 Qxc4 24.Be6 Rxe6 25.dxe6 Qxe6 26.Qxe6 Nxe6 27.a4 Nxf4 28.a5 Nd5 29.Rfd1 e6
30.Bg5 Bd4 31.axb6 axb6 32.Bh4 Nc3 33.Rxd4 Nxb1 34.Rxe4 Nd2 35.Rg4 Nf3+ 36.Kg2 Nxh4+
37.Rxh4 b5 38.Re4 Rb7  0-1

[Event "XXXV Open"]
[Site "Seville ESP"]
[Date "2010.01.09"]
[Round "2"]
[White "Quesada Aguilera,A"]
[Black "Rivas Pastor,M"]
[Result "0-1"]
[WhiteElo "2065"]
[BlackElo "2531"]

1.d4 Nf6 2.c4 g6 3.Nc3 d5 4.cxd5 Nxd5 5.e4 Nxc3 6.bxc3 Bg7 7.Bc4 c5 8.Ne2 O-O
9.O-O Nc6 10.Be3 Qc7 11.Rc1 Rd8 12.Qc2 Na5 13.Bb3 c4 14.Ba4 a6 15.Qb2 b5
16.Bc2 e5 17.Rcd1 Bd7 18.h3 Re8 19.f4 exd4 20.cxd4 c3 21.Qc1 b4 22.f5 Bb5
23.fxg6 hxg6 24.Nf4 Bxf1 25.Nd5 Qa7 26.Kxf1 Rad8 27.Bg5 Rxd5 28.exd5 Qd7
29.Re1 Bxd4 30.Rxe8+ Qxe8 31.d6 Qb5+ 32.Ke1 Qe5+ 33.Kf1 Qxd6 34.Qe1 Qd5 35.Qe8+ Kh7
36.Bd8 Nc4 37.Bb3 Qf5+ 38.Ke2 Qf2+ 39.Kd3 Nb2+  0-1

[Event "ch-POL"]
[Site "Warsaw POL"]
[Date "2010.01.12"]
[Round "4"]
[White "Krasenkow,M"]
[Black "Swiercz,D"]
[Result "1-0"]
[WhiteElo "2656"]
[BlackElo "2474"]

1.d4 Nf6 2.c4 g6 3.Nc3 d5 4.cxd5 Nxd5 5.e4 Nxc3 6.bxc3 Bg7 7.Bc4 c5 8.Ne2 O-O
9.O-O Nc6 10.Be3 Bd7 11.Rb1 Qc7 12.Bf4 Qc8 13.d5 Na5 14.Bd3 e5 15.Be3 c4
16.Bc2 b6 17.Qd2 Nb7 18.f4 exf4 19.Bxf4 Qc5+ 20.Kh1 Rae8 21.Nd4 Nd6 22.Rbe1 f6
23.h4 b5 24.h5 a5 25.h6 Bh8 26.Ne6 Bxe6 27.dxe6 Rxe6 28.Qd5 Qxd5 29.exd5 Re5
30.Bxe5 fxe5 31.Rxf8+ Kxf8 32.a4 bxa4 33.Rb1 a3 34.Rb8+ Ke7 35.Bb1 Bf6 36.Ra8 Nb5
37.Ba2 Nxc3 38.Bxc4 a4 39.Ra7+ Ke8 40.d6 a2 41.Bf7+ Kf8 42.Be6 a1=Q+ 43.Kh2 Ke8
44.Rg7 Bxg7 45.hxg7 Qf1 46.g8=Q+ Qf8 47.d7+  1-0

[Event "TCh-AUT 2009-10"]
[Site "Graz AUT"]
[Date "2010.01.14"]
[Round "4"]
[White "Boensch,U"]
[Black "Ruck,R1"]
[Result "1/2-1/2"]
[WhiteElo "2511"]
[BlackElo "2556"]

1.d4 Nf6 2.c4 g6 3.Nc3 d5 4.cxd5 Nxd5 5.e4 Nxc3 6.bxc3 Bg7 7.Be3 c5 8.Qd2 Qa5
9.Rb1 b6 10.Bb5+ Bd7 11.Bd3 O-O 12.Rc1 Nc6 13.d5 Ne5 14.Be2 c4 15.Nf3 Nxf3+
16.Bxf3 e6 17.O-O exd5 18.exd5 Bf5 19.d6 Rad8 20.Bg5 f6 21.Bf4 Bd3 22.Be2 Rf7
23.Bxd3 cxd3 24.Qxd3 g5 25.Bg3 f5 26.f4 Qc5+ 27.Bf2 Qxd6 28.Qxd6 Rxd6 29.fxg5 Rd2
30.a4 Ra2 31.Ra1 Rxa1 32.Rxa1 Bxc3 33.Rd1 Kg7  1/2-1/2

[Event "Vanderley Cason Melo Mem"]
[Site "Campinas BRA"]
[Date "2010.01.16"]
[Round "1"]
[White "Leitao,R"]
[Black "Fier,A"]
[Result "1/2-1/2"]
[WhiteElo "2620"]
[BlackElo "2601"]

1.d4 Nf6 2.c4 g6 3.Nc3 d5 4.cxd5 Nxd5 5.e4 Nxc3 6.bxc3 Bg7 7.Bc4 c5 8.Ne2 Nc6
9.Be3 O-O 10.O-O Bg4 11.f3 Na5 12.Bd3 cxd4 13.cxd4 Be6 14.d5 Bxa1 15.Qxa1 f6
16.Bh6 Re8 17.Kh1 Rc8 18.Nf4 Bd7 19.e5 Nc4 20.e6 Ba4 21.Nxg6 hxg6 22.Bxg6 Ne5
23.Be4 Bc2 24.Bxc2 Rxc2 25.Qd1 Kh7 26.f4 Kxh6 27.fxe5 Qc7 28.exf6 Rf8 29.Qd4 Rxf6
30.Rxf6+ exf6 31.Qxf6+ Kh7 32.g3 Rc1+ 33.Kg2 Rc2+ 34.Kh3 Qg7 35.Qh4+ Kg8
36.d6 Qg6 37.Qd8+ Kg7 38.Qe7+ Kh6 39.Qh4+ Kg7 40.Qe7+  1/2-1/2

[Event "46th ch-CUB"]
[Site "Ciego de Avila CUB"]
[Date "2010.01.16"]
[Round "5"]
[White "Perez Rodriguez,L"]
[Black "Bacallao Alonso,Y"]
[Result "1/2-1/2"]
[WhiteElo "2512"]
[BlackElo "2467"]

1.d4 Nf6 2.c4 g6 3.Nc3 d5 4.cxd5 Nxd5 5.e4 Nxc3 6.bxc3 Bg7 7.Bc4 c5 8.Ne2 Nc6
9.Be3 O-O 10.O-O Bg4 11.f3 Na5 12.Bd3 cxd4 13.cxd4 Be6 14.d5 Bxa1 15.Qxa1 f6
16.Qd4 Bf7 17.Bh6 Re8 18.Bb5 e5 19.Qf2 Re7 20.f4 exf4 21.Qxf4 Qb6+ 22.Kh1 Bxd5
23.exd5 Qxb5 24.Qxf6 Qe8 25.Qd4 Rd8 26.h3 Rf7 27.Rxf7 Qxf7 28.Qc3 b6 29.Ng3 Re8
30.Qd4 Re1+ 31.Kh2 Nb7 32.Ne4 Qe7 33.Nf6+ Kf7 34.Ng4 Nd6 35.Qh8 Re2 36.Be3 Qf8
37.Qxh7+ Ke8 38.Ne5 Qf6 39.Qg8+ Ke7 40.Qh7+ Ke8 41.Qg8+ Ke7 42.Nxg6+ Kd7
43.Nf8+ Kc7 44.Ne6+ Kb7 45.Qh7+ Ka8 46.Qg8+ Kb7 47.Qg3 Qf1 48.Qg7+ Ka6 49.Nc7+ Kb7
50.Ne6+ Ka6 51.Nc7+ Kb7 52.Nb5+ Nf7 53.Nd6+ Ka6 54.Qg4 Nxd6 55.Qa4+ Kb7 56.Qc6+ Ka6  1/2-1/2

[Event "Porzellancup"]
[Site "Dresden GER"]
[Date "2010.01.16"]
[Round "3"]
[White "Graf,A"]
[Black "Karius,T"]
[Result "1-0"]
[WhiteElo "2593"]
[BlackElo "2234"]

1.d4 Nf6 2.c4 g6 3.Nc3 d5 4.cxd5 Nxd5 5.e4 Nxc3 6.bxc3 Bg7 7.Be3 O-O 8.Qd2 c5
9.Rc1 Qa5 10.d5 f5 11.Nf3 f4 12.Bxf4 Bxc3 13.Rxc3 Rxf4 14.Bd3 Qc7 15.d6  1-0

[Event "IMB1"]
[Site "Marianske Lazne CZE"]
[Date "2010.01.16"]
[Round "1"]
[White "Zier,O"]
[Black "Flumbort,A"]
[Result "1/2-1/2"]
[WhiteElo "2101"]
[BlackElo "2515"]

1.d4 Nf6 2.c4 g6 3.Nc3 d5 4.cxd5 Nxd5 5.e4 Nxc3 6.bxc3 Bg7 7.Bc4 c5 8.Ne2 Nc6
9.Be3 O-O 10.O-O Na5 11.Bd3 b6 12.Rc1 e5 13.dxc5 Be6 14.c4 bxc5 15.Bxc5 Re8
16.Nc3 Bh6 17.Rc2 Bc8 18.Bxa7 Nc6 19.Be3 Bxe3 20.fxe3 Nb4 21.Rd2 Re6 22.Rf3 Re7
23.Nd5  1/2-1/2